000
nam a22 7a 4500
999
_c
234699
_d
234699
003
Nust
005
20170329151811.0
008
170329b xxu||||| |||| 00| 0 eng d
040
_c
DLC
082
_a
910.47 FAI
100
_a
فیض،احمد فیض
245
_a
مہ و سال آشنائی
260
_a
Karachi :
_b
Danyal Pub,
300
_a
136p. :
942
_2
ddc
_c
BK